01314nam a2200301 a 4500001001200000003000800012006001900020007001500039008004100054020001800095040002100113035002100134050002600155245013400181246003300315260003400348300001400382504005100396505011700447533015200564650003400716650004100750655002900791700003200820710001700852856012600869999001700995ebr10254919CaPaEBRm u cr cn|||||||||090430s2007 enk sb 001 0 eng d z9781845111885 aCaPaEBRcCaPaEBR a(OCoLC)30048192014aPN1992.2b.R48 2007eb00aRe-viewing television historyh[electronic resource] :bcritical issues in television historiography /cedited by Helen Wheatley.3 aReviewing television history aLondon :bI.B. Tauris,c2007. ax, 245 p. aIncludes bibliographical references and index.00apt. 1. Debating the canon -- pt. 2. Textual histories -- pt. 3. Production and institutions -- pt. 4. Audiences. aElectronic reproduction.bPalo Alto, Calif. :cebrary,d2013.nAvailable via World Wide Web.nAccess may be limited to ebrary affiliated libraries. 0aTelevision programsxHistory. 0aTelevision programsxHistoriography. 7aElectronic books.2local1 aWheatley, Helenq(Helen M.)2 aebrary, Inc.40uhttp://site.ebrary.com/lib/rucke/Doc?id=10254919zAn electronic book accessible through the World Wide Web; click to view c14681d14681